[Event "Schleswig Holstein-ch Seniors op 9th"]
[Site "Buesum"]
[Date "2015.09.28"]
[Round "1"]
[White "Gudat, Alfons"]
[Black "Komeinda, Josef"]
[Result "1-0"]
[WhiteElo "1969"]
[BlackElo "1644"]
[PlyCount "73"]
[EventDate "2015.09.28"]
[EventType "swiss"]
[EventRounds "9"]
[EventCountry "GER"]
[SourceTitle "EXT 2018"]
[Source "ChessBase"]
[SourceDate "2017.10.13"]
[SourceVersion "1"]
[SourceVersionDate "2017.10.13"]
[SourceQuality "1"]

1. Nf3 Nf6 2. g3 c6 3. Bg2 g6 4. c4 Bg7 5. 0-0 0-0 6. Nc3 d6 7. d4 e6 8. e4 Nbd7 9. h3 Re8 10. e5 dxe5 11. dxe5 Nh5 12. g4 Ng3 13. fxg3 Qb6+ 14. Kh2 Nxe5 15. Nxe5 Bxe5 16. Qf3 f5 17. Re1 fxg4 18. Qxg4 Bxc3 19. bxc3 e5 20. Qe2 Bd7 21. Bg5 Kg7 22. Rab1 Qc7 23. c5 h6 24. Be3 Bf5 25. Rbd1 h5 26. Rd6 Rad8 27. Red1 Qb8 28. Qd2 Rxd6 29. cxd6 Bd7 30. Bh6+ Kh7 31. Rf1 Be6 32. Bg5 Qc8 33. Be7 Qd7 34. Qg5 Bxa2 35. Be4 Rg8 36. Qxh5+ Kg7 37. Qxg6+ 1-0

[Event "Hessen-ch Seniors op 11th"]
[Site "Bad Sooden-Allendorf"]
[Date "2015.05.15"]
[Round "7"]
[White "Freerksen, Uwe"]
[Black "Komeinda, Josef"]
[Result "0-1"]
[WhiteElo "1504"]
[BlackElo "1633"]
[PlyCount "86"]
[EventDate "2015.05.09"]
[EventType "swiss"]
[EventRounds "9"]
[EventCountry "GER"]
[SourceTitle "EXT 2018"]
[Source "ChessBase"]
[SourceDate "2017.10.13"]
[SourceVersion "1"]
[SourceVersionDate "2017.10.13"]
[SourceQuality "1"]

1. e4 c5 2. d3 Nc6 3. Bd2 Nf6 4. Nf3 e5 5. Nc3 d6 6. h3 Be6 7. b3 Be7 8. g3 h6 9. Bg2 a6 10. 0-0 Rc8 11. a3 b5 12. a4 b4 13. Ne2 0-0 14. c3 a5 15. c4 Nh7 16. g4 Nd4 17. Nfxd4 exd4 18. Ng3 Nf6 19. Ra2 Nd7 20. Be1 Kh8 21. f4 f6 22. Rb2 Bg8 23. Nf5 Bh7 24. Nxe7 Qxe7 25. Bh4 g5 26. Bg3 Qg7 27. Re2 gxf4 28. Bxf4 Ne5 29. Bxe5 dxe5 30. Ref2 Rc6 31. Qd2 Rd6 32. Kh2 Bg8 33. Rf5 Be6 34. Rh5 Kg8 35. Qxh6 Qxh6 36. Rxh6 Bd7 37. g5 Kg7 38. Rhxf6 Rdxf6 39. gxf6+ Rxf6 40. Rxf6 Kxf6 41. Kg3 Bxa4 42. h4 Bxb3 43. h5 Kg5 0-1

[Event "GER-chB Seniors 26th"]
[Site "Bad Neuenahr"]
[Date "2014.08.06"]
[Round "2"]
[White "Geibel, Henning"]
[Black "Komeinda, Josef"]
[Result "0-1"]
[WhiteElo "1456"]
[BlackElo "1681"]
[PlyCount "134"]
[EventDate "2014.08.05"]
[EventType "swiss"]
[EventRounds "9"]
[EventCountry "GER"]
[SourceTitle "EXT 2018"]
[Source "ChessBase"]
[SourceDate "2017.10.13"]
[SourceVersion "1"]
[SourceVersionDate "2017.10.13"]
[SourceQuality "1"]

1. e4 Nc6 2. Bc4 e6 3. Nf3 Na5 4. d3 Nxc4 5. dxc4 Be7 6. 0-0 b6 7. Nc3 Bb7 8. Bf4 a6 9. Qd4 Bf6 10. Qe3 h6 11. e5 Be7 12. Rad1 Bc5 13. Qd3 Ne7 14. a3 Ng6 15. Bg3 a5 16. Ne4 Bxe4 17. Qxe4 0-0 18. Qd3 d6 19. exd6 cxd6 20. Bxd6 Bxd6 21. Qxd6 Qf6 22. Qxb6 Rfb8 23. Qd4 Qxd4 24. Nxd4 Rxb2 25. c5 e5 26. Nc6 Rxc2 27. Rc1 Ra2 28. Ra1 Rb2 29. g3 Rc8 30. Nxa5 Rxc5 31. Rab1 Rxb1 32. Rxb1 Rxa5 33. Ra1 Ra4 34. Kg2 f5 35. Kf3 Kf7 36. Ke3 Ke6 37. Kd3 Kd5 38. Ke3 Re4+ 39. Kf3 Ra4 40. Ke3 Ne7 41. Kd3 g5 42. Ke3 h5 43. Kf3 Nc6 44. Ke3 Nd4 45. Ra2 Kc4 46. h3 Kb3 47. Rd2 Kxa3 48. Rd3+ Kb4 49. f4 Nc2+ 50. Kd2 e4 51. Rd5 Kb3 52. fxg5 e3+ 53. Ke2 Kc4 54. Rd7 Ra2 55. g6 Nd4+ 56. Kxe3 Ne6 57. Rd6 Ra3+ 58. Kf2 Ng5 59. Rc6+ Kd5 60. g7 Ne4+ 61. Kg2 Rxg3+ 62. Kh2 Rxg7 63. Rh6 Ng5 64. Rxh5 Ke4 65. Rh4+ Ke3 66. Ra4 Nf3+ 67. Kh1 Rg1# 0-1

[Event "Bad Wiessee Seniors op"]
[Site "Bad Wiessee"]
[Date "2012.04.23"]
[Round "3"]
[White "Winter, Bernd"]
[Black "Komeinda, Josef"]
[Result "1-0"]
[WhiteElo "1766"]
[BlackElo "1457"]
[PlyCount "51"]
[EventDate "2012.04.21"]
[EventType "swiss"]
[EventRounds "9"]
[EventCountry "GER"]
[SourceTitle "EXT 2015"]
[Source "ChessBase"]
[SourceDate "2014.11.20"]
[SourceVersion "1"]
[SourceVersionDate "2014.11.20"]
[SourceQuality "1"]

1. e4 c5 2. Nf3 Nc6 3. d4 cxd4 4. Nxd4 a6 5. Nc3 Nf6 6. Nxc6 bxc6 7. e5 Ng8 8. Bc4 e6 9. 0-0 Qh4 10. Qe2 d5 11. exd6 Bxd6 12. g3 Qe7 13. Ne4 Bc7 14. Be3 Qb4 15. c3 Qa5 16. Bc5 Be5 17. f4 Nf6 18. b4 Qc7 19. fxe5 Nxe4 20. Qxe4 h5 21. Rad1 Bb7 22. Bxe6 Rd8 23. Bxf7+ Qxf7 24. Rxd8+ Kxd8 25. Rxf7 g5 26. Rxb7 1-0

[Event "Brandenburg Seniors op 16th"]
[Site "Rowy"]
[Date "2007.06.26"]
[Round "8"]
[White "Schult, Otto"]
[Black "Komeinda, Josef"]
[Result "0-1"]
[WhiteElo "1868"]
[BlackElo "1421"]
[PlyCount "72"]
[EventDate "2007.06.18"]
[EventType "swiss"]
[EventRounds "9"]
[EventCountry "POL"]
[SourceTitle "EXT 2011"]
[Source "ChessBase"]
[SourceDate "2010.11.26"]
[SourceVersion "1"]
[SourceVersionDate "2010.11.26"]
[SourceQuality "1"]

1. d4 Nf6 2. c4 d6 3. Qc2 g6 4. Nc3 Bg7 5. e4 0-0 6. Be2 Nbd7 7. Nf3 b6 8. 0-0 Bb7 9. Bd2 c5 10. d5 Ng4 11. Nh4 Ngf6 12. f4 e6 13. Nf3 a6 14. h3 Ne8 15. f5 exd5 16. Nxd5 Bxd5 17. exd5 Ne5 18. Ng5 Nc7 19. Ne4 f6 20. Qb3 Rb8 21. Qg3 g5 22. h4 h6 23. hxg5 fxg5 24. Bc3 b5 25. b3 b4 26. Bb2 Qe7 27. Rae1 Ne8 28. Rf2 Nf6 29. Bxe5 Nxe4 30. f6 Qxe5 31. Qxe5 dxe5 32. f7+ Kh8 33. Rf3 Rb7 34. Re3 Nc3 35. Bh5 e4 36. Rf1 Bd4 0-1

[Event "Bad Ems Seniors op 3rd"]
[Site "Bad Ems"]
[Date "2006.03.06"]
[Round "4"]
[White "Komeinda, Josef"]
[Black "Spanjersberg, Hans"]
[Result "0-1"]
[WhiteElo "1508"]
[BlackElo "1719"]
[PlyCount "78"]
[EventDate "2006.03.04"]
[EventType "swiss"]
[EventRounds "9"]
[EventCountry "GER"]
[SourceTitle "EXT 2007"]
[Source "ChessBase"]
[SourceDate "2006.11.23"]
[SourceVersion "1"]
[SourceVersionDate "2006.11.23"]
[SourceQuality "1"]

1. e4 e6 2. d4 d5 3. e5 c5 4. c3 Nc6 5. Nf3 Qb6 6. b3 cxd4 7. Bd3 dxc3 8. 0-0 d4 9. Re1 Bd7 10. a4 Bb4 11. Bc2 h6 12. Ba3 a5 13. Bc1 Nge7 14. Na3 Bxa3 15. Bxa3 Nb4 16. Bxb4 axb4 17. Nxd4 Rd8 18. Qg4 g6 19. Rac1 Bxa4 20. Nxe6 Bd7 21. Ng7+ Kf8 22. e6 Bc8 23. Bxg6 Nxg6 24. Qf5 Qc7 25. Qf6 Qe7 26. Qxe7+ Nxe7 27. exf7 Kxf7 28. Nh5 Ng6 29. Re4 Rd5 30. Ng3 Rb5 31. Rc4 Be6 32. Rc7+ Ne7 33. Ne4 Rd8 34. Nc5 c2 35. Re1 Rd1 36. Kf1 Rxe1+ 37. Kxe1 c1Q+ 38. Ke2 Rxc5 39. Rxe7+ Kxe7 0-1

[Event "Bahn-chGT"]
[Site "Winterberg"]
[Date "2004.09.29"]
[Round "4"]
[White "Kurscheidt, Paul"]
[Black "Komeinda, Josef"]
[Result "1-0"]
[WhiteElo "1602"]
[BlackElo "1495"]
[PlyCount "77"]
[EventDate "2004.09.26"]
[EventType "swiss"]
[EventRounds "7"]
[EventCountry "GER"]
[SourceTitle "EXT 2013"]
[Source "ChessBase"]
[SourceDate "2012.11.22"]
[SourceVersion "1"]
[SourceVersionDate "2012.11.22"]
[SourceQuality "1"]

1. e4 e5 2. Nc3 Nf6 3. Bc4 c6 4. a3 Bc5 5. Nf3 d6 6. h3 b5 7. Ba2 Qb6 8. 0-0 Qc7 9. d3 Bb7 10. Bg5 h6 11. Bxf6 gxf6 12. Ne2 Qe7 13. Ng3 Bc8 14. Nh4 Qf8 15. Qf3 Rg8 16. Kh2 Nd7 17. Nhf5 Rg5 18. Qe2 Qh8 19. b4 Bb7 20. bxc5 Rxf5 21. Nxf5 Nxc5 22. Nxd6+ Ke7 23. Nxf7 Qg7 24. Qh5 Rg8 25. g4 Ne6 26. Nxh6 Qg6 27. Nxg8+ Qxg8 28. f4 Qg7 29. Bxe6 Kxe6 30. fxe5 fxe5 31. Rf5 c5 32. Qe8+ Kd6 33. Qf8+ Qxf8 34. Rxf8 c4 35. Raf1 Kc5 36. R1f5 Kd4 37. Rd8+ Kc3 38. Rxe5 Kxc2 39. Rxb5 1-0